Gaming Quiz

Random Gaming or City Quiz
Score 0/21 Timer 06:00
0 Plays Today
% Correct
Indigo Plateau
86.4%
New Bark Town
80.5%
Pallet Town
77.5%
Goldenrod City
69.9%
Olivine City
69.9%
Celadon City
69.5%
Vermilion City
65.7%
Ecruteak City
60.2%
Saffron City
59.7%
Blackthorn City
57.6%
Cianwood City
51.3%
% Correct
Viridian City
49.2%
Pewter City
48.7%
Cherrygrove City
47%
Cerulean City
43.2%
Cinnabar Island
42.4%
Lavender Town
39.8%
Mahogany Town
38.6%
Azalea Town
35.6%
Violet City
28.8%
Fuchsia City
22.5%
Remove Ads.
Support Sporcle.
Get the best of Sporcle when you Go Orange. This ad-free experience offers more features, more stats, and more fun while also helping to support Sporcle. Thank you for becoming a member.

You're not logged in!

Compare scores with friends on all Sporcle quizzes.
OR
Log In

Show Comments

Extras

Top Quizzes Today


Score Distribution

Your Account Isn't Verified!

In order to create a playlist on Sporcle, you need to verify the email address you used during registration. Go to your Sporcle Settings to finish the process.

Report this User

Report this user for behavior that violates our Community Guidelines.

Details: